It's Been So Long lyrics - Statistics

General Stats
  • This quiz has been taken 33 times
  • The average score is 74 of 247
Answer Stats
Answercurse % Correct
I
100%
I
50%
my
50%
what
50%
behind.
45%
I
45%
I
45%
the
45%
thinking,
45%
was
45%
am
41%
and
41%
blind.
41%
child
41%
curse
41%
leaving
41%
Now
41%
now
41%
suffer
41%
to
41%
been
36%
been
36%
been
36%
behind
36%
dunno
36%
gone,
36%
I
36%
I
36%
I
36%
i
36%
I
36%
I
36%
I
36%
I
36%
It's
36%
long
36%
lost
36%
man
36%
monster,
36%
my
36%
my
36%
seen
36%
since
36%
Since
36%
slaughter.
36%
so
36%
so
36%
son
36%
the
36%
the
36%
the
36%
this
36%
this
36%
this
36%
to
36%
to
36%
to
36%
you've
36%
all
32%
am
32%
and
32%
anger,
32%
avenge
32%
coming
32%
forever.
32%
free.
32%
guilt
32%
haunt
32%
have
32%
in
32%
Is
32%
It
32%
I've
32%
last
32%
me
32%
me.
32%
mother.
32%
my
32%
my
32%
my
32%
myself
32%
of
32%
or
32%
own
32%
paradox
32%
ponder
32%
revenge
32%
sadness
32%
sanity
32%
seeking,
32%
seeking
32%
singing
32%
someone
32%
son,
32%
song
32%
Stuck
32%
stupid
32%
the
32%
the
32%
the
32%
the
32%
the
32%
the
32%
this
32%
to
32%
wish
32%
With
32%
your
32%
at
27%
be
27%
been
27%
been
27%
been
27%
been
27%
behind
27%
But
27%
can't
27%
chase
27%
cliff
27%
could
27%
end
27%
for
27%
future
27%
gift
27%
gone,
27%
happened
27%
have
27%
I
27%
I
27%
I
27%
I
27%
I'm
27%
in
27%
in
27%
is
27%
isn't
27%
it.
27%
It
27%
It's
27%
Justification
27%
justified.
27%
keeps
27%
killing
27%
last
27%
lingers
27%
lived
27%
long
27%
long
27%
lost
27%
man
27%
Maybe
27%
me,
27%
mind
27%
mistakes.
27%
monster,
27%
my
27%
my
27%
my
27%
of
27%
of
27%
past
27%
present,
27%
river.
27%
seen
27%
set
27%
should
27%
since
27%
Since
27%
slaughter.
27%
snakes.
27%
so
27%
so
27%
son
27%
terrified.
27%
the
27%
the
27%
the
27%
the
27%
this
27%
this
27%
to
27%
to
27%
to
27%
wait
27%
wanna
27%
What
27%
with
27%
you've
27%
a
23%
a
23%
all
23%
and
23%
and
23%
baby,
23%
become
23%
before
23%
before
23%
bigger,
23%
but
23%
could
23%
eyes,
23%
find
23%
fuzzy
23%
getting
23%
I'll
23%
I'm
23%
in
23%
is
23%
I've
23%
I've
23%
keeps
23%
killing
23%
like
23%
little
23%
little
23%
memories
23%
mess
23%
mother.
23%
of
23%
of
23%
on
23%
ponder
23%
puppet.
23%
remember.
23%
sanity
23%
singing
23%
smile,
23%
song
23%
sorry
23%
stop
23%
stupid
23%
sweet
23%
sweet
23%
temper.
23%
there.
23%
they'll
23%
Those
23%
thought
23%
try
23%
wish
23%
with
23%
won't
23%
Your
23%
your
23%
your
23%
luring
18%
pack
18%
No matching quizzes found
Score Distribution
Percent of People with Each Score
Percentile by Number Answered
Your Score History
You have not taken this quiz